Statistiche per Province italiane per minore Popolazione

Clicka qui per fare il quiz!

Statistiche generali

  • Questo quiz è stato fatto 5 volte
  • Il punteggio medio è 11 su 15

Statistiche sulle risposte

Popolazione (ab.)Provincia% Corretto
123 130Aosta
100%
154 940Enna
100%
167 824Fermo
100%
138 034Gorizia
100%
79 912Isernia
100%
150 709Vibo Valentia
100%
191 102Matera
80%
162 749Crotone
60%
187 583Massa-Carrara
60%
150 325Oristano
60%
150 457Rieti
60%
178 795Sondrio
60%
169 106Biella
40%
154 038Verbano-Cusio-Ossola
40%
165 892Vercelli
40%

Distribuzione punteggi

Percentile per numero di risposta

Percentuale di utenti per punteggio

I tuoi punteggi nel tempo

Non hai fatto questo quiz